Estructura y composición de la conciencia social /

Guardado en:
Bibliografiske detaljer
Hovedforfatter: Grushin, Boris
Format: Texto
Tags: Tilføj Tag
Ingen Tags, Vær først til at tagge denne postø!

MARC

LEADER 00000 a a2200000 04500
001 3139
003
040
100 |a Grushin, Boris  
245 |a Estructura y composición de la conciencia social /  |c Boris Grushin 
773 |g número 1; páginas 117-129  
999 |c 32146  |d 32146